[Event "AUTO-INT-3143"]
[Site "http://www.queenalice.com/game.php?id=1425696"]
[Date "2016.5.31"]
[Round "1"]
[White "HotWing"]
[Black "Ruusgugg"]
[Result "1-0"]
[WhiteElo "1554"]
[BlackElo "1380"]

1. d4 d5 2. Nc3 Nf6 3. h3 g5 4. e3 e6 5. Bd3 h5 6. Nf3 g4 7. Ne5 gxh3 8. Rxh3
Ng4 9. f3 Nxe5 10. Bd2 Qg5 11. Qe2 Nxd3+ 12. cxd3 e5 13. e4 Qf6 14. dxe5 Qc6 15.
g4 h4 16. Nxd5 Nd7 17. f4 Qc2 18. Rc1 Qxb2 19. Nxc7+ Kd8 20. Nxa8 f6 21. Qe3 b5
22. e6 Nb6 23. Nxb6 b4 24. Rxc8+ Ke7 25. Qc5+ Kxe6 26. Qc6+ Kf7 27. Rc7+ Be7 28.
Nd5 Re8 29. Rxe7+ Rxe7 30. Nxe7 Kxe7 31. Qc7+ Kf8 32. Qd8+ 1-0

[Event "AUTO-INT-3143"]
[Site "http://www.queenalice.com/game.php?id=1425697"]
[Date "2016.5.31"]
[Round "1"]
[White "Ruusgugg"]
[Black "HotWing"]
[Result "0-1"]
[WhiteElo "1371"]
[BlackElo "1534"]

1. e4 e5 2. Qf3 Nf6 3. Bc4 d6 4. Nh3 h6 5. O-O Be6 6. Bxe6 fxe6 7. Qb3 b6 8.
Qxe6+ Be7 9. f4 Nxe4 10. Qg6+ Kf8 11. fxe5+ Kg8 12. Qxe4 d5 13. Qg6 Rh7 14. Qe6+
Kh8 15. Rf7 Nd7 16. Rxe7 Nf8 17. Rf7 Nxe6 18. d3 Qe8 19. Rf1 Nd4 20. Re1 Nxc2
21. Rf1 Nxa1 22. Rf5 Nc2 0-1

[Event "AUTO-INT-3143"]
[Site "http://www.queenalice.com/game.php?id=1425698"]
[Date "2016.5.31"]
[Round "1"]
[White "HotWing"]
[Black "RamonSalves"]
[Result "0-1"]
[WhiteElo "1543"]
[BlackElo "1584"]

1. d4 d5 2. Nc3 Nf6 3. e3 e6 4. Nf3 Bb4 5. Bb5+ c6 6. a3 Bxc3+ 7. bxc3 cxb5 8.
O-O O-O 9. Ne5 Nc6 10. h3 Ne4 11. Bd2 Nxe5 12. f4 Ng3 13. Rf2 Nc4 14. Ra2 Qf6
15. a4 bxa4 16. Qf3 Ne4 17. Re2 Qh4 18. Rxa4 Ncxd2 19. Qg4 Qxg4 20. hxg4 a5 21.
c4 Nxc4 22. c3 Nxc3 0-1

[Event "AUTO-INT-3143"]
[Site "http://www.queenalice.com/game.php?id=1425699"]
[Date "2016.5.31"]
[Round "1"]
[White "RamonSalves"]
[Black "HotWing"]
[Result "1-0"]
[WhiteElo "1570"]
[BlackElo "1571"]

1. e4 e5 2. Nf3 f6 3. d4 Nc6 4. d5 Nd4 5. Nxd4 Bc5 6. c3 d6 7. Nf3 Bd7 8. Be2
Qe7 9. O-O O-O-O 10. b4 Bb6 11. a4 a5 12. Ba3 h5 13. b5 Nh6 14. c4 Bd4 15. Nxd4
exd4 16. Qxd4 b6 17. Bxh5 c5 18. bxc6 Be8 19. Qxb6 Bxh5 20. c5 Ng4 21. Nc3 Bg6
22. Qa6+ Kb8 23. Rab1+ Qb7 24. Qxb7# 1-0

[Event "AUTO-INT-3143"]
[Site "http://www.queenalice.com/game.php?id=1425700"]
[Date "2016.5.31"]
[Round "1"]
[White "HotWing"]
[Black "daniel0176"]
[Result "0-1"]
[WhiteElo "1600"]
[BlackElo "1679"]

1. d4 d5 2. Nc3 c6 3. e3 Nf6 4. Bd3 e5 5. f3 Bb4 6. Bd2 Nbd7 7. Qe2 Bxc3 8. Bxc3
O-O 9. O-O-O e4 10. fxe4 dxe4 11. Bc4 b5 12. Bb3 a5 13. d5 b4 14. Bd4 a4 15. Bc4
cxd5 16. Bxf6 Qxf6 17. Bxd5 Ra7 18. Bxe4 a3 19. bxa3 Qa1+ 20. Kd2 Qc3+ 21. Kc1
Rxa3 22. Qf3 Rxa2 23. Bxh7+ Kh8 24. Rd3 Ra1# 0-1

[Event "AUTO-INT-3143"]
[Site "http://www.queenalice.com/game.php?id=1425701"]
[Date "2016.5.31"]
[Round "1"]
[White "daniel0176"]
[Black "HotWing"]
[Result "1-0"]
[WhiteElo "1686"]
[BlackElo "1594"]

1. e4 e5 2. Nf3 f6 3. Bc4 d6 4. Bxg8 Rxg8 5. h3 Qe7 6. O-O Bd7 7. Nc3 Qe6 8. Nd5
Na6 9. c4 O-O-O 10. b4 c5 11. a3 b6 12. bxc5 bxc5 13. d3 h6 14. Bd2 g5 15. Ba5
Re8 16. Qb3 Bc6 17. Nb6+ Kd8 18. Nd5+ Kd7 19. Nc7 Nxc7 20. Bxc7 Kxc7 21. Qc3 Rb8
22. Qa5+ Kd7 23. Qxa7+ Kc8 24. Qa6+ Kc7 25. Rab1 Bg7 26. Qa5+ Kd7 27. Rxb8 Rxb8
28. Qa7+ Kc8 29. Qxg7 h5 30. Qh6 h4 31. Nxg5 Qg8 32. Qxf6 Kb7 33. Rb1+ Kc8 34.
Rxb8+ Kxb8 35. Qxd6+ Kb7 36. Ne6 Qe8 37. Qc7+ Ka8 38. Nxc5 Qg6 39. Qc8+ Ka7 40.
Qa6+ Kb8 41. Nd7+ Bxd7 42. Qxg6 Kc7 43. Qh7 Kd6 44. Qxh4 Bc6 45. g4 Bd7 46. Qf6+
1-0

[Event "Challenge"]
[Site "http://www.queenalice.com/game.php?id=1426751"]
[Date "2016.6.8"]
[Round "-"]
[White "pj"]
[Black "HotWing"]
[Result "1-0"]
[WhiteElo "1493"]
[BlackElo "1519"]

1. e4 e5 2. g4 Nf6 3. f3 d5 4. d3 d4 5. h4 Nc6 6. a3 Be6 7. h5 Bd6 8. g5 Nd7 9.
b4 a6 10. Qd2 h6 11. gxh6 Rxh6 12. Qg2 Qf6 13. Bg5 Bh3 14. Nxh3 Qe6 15. Bxh6
Qxh6 16. Ng5 O-O-O 17. Nxf7 Qe3+ 18. Be2 Rf8 19. Nxd6+ cxd6 20. Nd2 Nf6 21. Qxg7
Nd7 22. h6 Qf4 23. h7 Nf6 24. Qxf8+ Nd8 25. h8=Q 1-0

[Event "Challenge"]
[Site "http://www.queenalice.com/game.php?id=1443948"]
[Date "2016.10.2"]
[Round "-"]
[White "ariberi"]
[Black "HotWing"]
[Result "0-1"]
[WhiteElo "1555"]
[BlackElo "1384"]

1. e4 e5 2. d4 Nc6 3. d5 Nce7 4. Nf3 Ng6 5. b4 Bxb4+ 6. Bd2 Be7 7. Bc3 d6 8.
Bb5+ Bd7 9. Na3 c6 10. Bc4 Nf6 11. Ng5 O-O 12. dxc6 bxc6 13. O-O Ng4 14. Qf3
Bxg5 15. h3 Nf6 16. g4 a5 17. Rad1 Nf4 0-1

[Event "Challenge"]
[Site "http://www.queenalice.com/game.php?id=1448741"]
[Date "2016.11.7"]
[Round "-"]
[White "HotWing"]
[Black "sunking1"]
[Result "0-1"]
[WhiteElo "1477"]
[BlackElo "1387"]

1. e4 e5 2. Nf3 Nc6 3. d4 exd4 4. Bd3 Bb4+ 5. c3 Bxc3+ 6. bxc3 dxc3 7. Nxc3 d6
8. O-O Nf6 9. Qb3 Be6 10. Bc4 Ne5 11. Bxe6 fxe6 12. Qxe6+ Qe7 13. Qb3 c6 14. Ba3
Nxf3+ 15. Kh1 Nd2 16. Qxb7 Qxb7 0-1

[Event "CHICOTE III"]
[Site "http://www.queenalice.com/game.php?id=1455025"]
[Date "2016.12.16"]
[Round "-"]
[White "rogeriooliveira"]
[Black "HotWing"]
[Result "1-0"]
[WhiteElo "1393"]
[BlackElo "1356"]

1. e4 e5 2. Nf3 Nc6 3. Nc3 Nf6 4. Bb5 Nd4 5. Nxd4 exd4 6. Nd5 c6 7. Bxc6 bxc6 8.
Nf4 Bd6 9. O-O Bxf4 10. g3 Bg5 11. f4 Nxe4 12. d3 Bf6 13. dxe4 O-O 14. Bd2 d6
15. e5 1-0

[Event "FISCAL III"]
[Site "http://www.queenalice.com/game.php?id=1455037"]
[Date "2016.12.16"]
[Round "-"]
[White "perucona"]
[Black "HotWing"]
[Result "1-0"]
[WhiteElo "1234"]
[BlackElo "1378"]

1. e4 e5 2. Nf3 Nc6 3. Nc3 Nf6 4. Bb5 Nd4 5. d3 a6 6. Bc4 Bc5 7. Nxd4 Bxd4 8.
Rf1 O-O 9. Bg5 d6 10. Bxf6 Qxf6 11. f3 Qh4+ 12. g3 Qxh2 13. Qd2 Qxg3+ 14. Kd1
1-0

[Event "SOVIETICA IV"]
[Site "http://www.queenalice.com/game.php?id=1456258"]
[Date "2016.12.24"]
[Round "-"]
[White "perucona"]
[Black "HotWing"]
[Result "1-0"]
[WhiteElo "1327"]
[BlackElo "1324"]

1. e4 e5 2. Nf3 Nc6 3. Nc3 Nf6 4. Bb5 Nd4 5. Nd5 Bd6 6. O-O Nxe4 7. Bd3 Nc5 8.
c3 Nxf3+ 9. gxf3 O-O 10. Re1 Nxd3 11. Re3 Qg5+ 12. Kf1 Nf4 13. Re4 Qg2+ 14. Ke1
1-0

[Event "Challenge"]
[Site "http://www.queenalice.com/game.php?id=1457287"]
[Date "2016.12.31"]
[Round "-"]
[White "jamesxirb"]
[Black "HotWing"]
[Result "0-1"]
[WhiteElo "1512"]
[BlackElo "1408"]

1. e4 e5 2. d4 d6 3. d5 Nf6 4. Bd3 Na6 5. g4 Nxg4 6. f3 Qh4+ 7. Kd2 Nc5 8. fxg4
Bxg4 9. Nf3 Qh6+ 10. Ke1 Qf6 11. Rf1 Bxf3 12. Rxf3 Qh4+ 13. Rg3 Be7 14. b4 Qxh2
15. Rxg7 Bh4+ 16. Rg3 Bxg3+ 17. Kf1 Qf2# 0-1

[Event "TRETAS XVII"]
[Site "http://www.queenalice.com/game.php?id=1461238"]
[Date "2017.1.26"]
[Round "-"]
[White "perucona"]
[Black "HotWing"]
[Result "1-0"]
[WhiteElo "1310"]
[BlackElo "1341"]

1. e4 e5 2. Nf3 d6 3. Nc3 Nf6 4. Bb5+ Bd7 5. Bxd7+ Nbxd7 6. O-O c6 7. d3 d5 8.
exd5 cxd5 9. Nb5 Bc5 10. Bg5 h6 11. Bxf6 1-0